[Event "Isthmia 2011"]
[Site "Vrachati"]
[Date "2011.08.22"]
[Round "5.15"]
[White "Galopoulos, Nikolaos"]
[Black "Bellos, Ioannis"]
[Result "1-0"]
[WhiteElo "2327"]
[BlackElo "1944"]
[PlyCount "85"]
[EventDate "2011.08.18"]

1. d4 d5 2. c4 dxc4 3. Nf3 Nf6 4. e3 e6 5. Bxc4 c5 6. O-O a6 7. Bd3 Nbd7 8. Re1
b6 9. e4 cxd4 10. e5 Nd5 11. Bg5 Be7 12. Bxe7 Qxe7 13. Nbd2 O-O 14. Ne4 Bb7 15.
Rc1 Nc5 16. Nd6 Nf4 17. Bf1 Bd5 18. Qxd4 Nh3+ 19. Kh1 f6 20. Qh4 Bxf3 21. Qxh3
fxe5 22. Nc4 Bd5 23. Nxb6 Ne4 24. Rxe4 Bxe4 25. Nxa8 Rxa8 26. Qe3 Bd5 27. b3
Qa7 28. Rc8+ Kf7 29. Rxa8 Qxa8 30. Qxe5 Qc6 31. Qf4+ Ke7 32. Kg1 h6 33. Qd4 Kf7
34. Qa7+ Kf6 35. Qxa6 Bxg2 36. Qxc6 Bxc6 37. a4 Ke5 38. a5 Kd6 39. b4 Kc7 40.
b5 Bd5 41. b6+ Kb8 42. a6 Bc6 43. Bg2 1-0

[Event "Isthmia 2011"]
[Site "Vrachati"]
[Date "2011.08.22"]
[Round "5.16"]
[White "Gogolis, Alexandros"]
[Black "Stamos, Filippos"]
[Result "1-0"]
[WhiteElo "2261"]
[BlackElo "1914"]
[PlyCount "69"]
[EventDate "2011.08.18"]

1. c4 e5 2. Nc3 Nf6 3. g3 d5 4. cxd5 Nxd5 5. Bg2 Nb6 6. Nf3 Nc6 7. O-O Be7 8.
d3 O-O 9. a4 a5 10. Be3 Be6 11. Bxb6 cxb6 12. Nb5 Rc8 13. Rc1 f6 14. Nd2 Qd7
15. Nc4 Bc5 16. Qb3 Rfd8 17. Bh3 f5 18. Bxf5 Kh8 19. Nxb6 Bxb3 20. Nxd7 Bd4 21.
e3 Ne7 22. Bh3 Bxb2 23. Nc5 Bxa4 24. Bxc8 Bxc1 25. Bxb7 Bxb5 26. Rxc1 Kg8 27.
Ra1 a4 28. Nxa4 Rxd3 29. Be4 Rd2 30. Nc3 Bc6 31. Ra5 Bxe4 32. Nxe4 Rd5 33. Ra7
Kf8 34. Ng5 Rd8 35. Ne6+ 1-0

[Event "Isthmia 2011"]
[Site "Vrachati"]
[Date "2011.08.22"]
[Round "5.17"]
[White "Azis, Azizis Ektoras"]
[Black "Gkikas, Hristos"]
[Result "1-0"]
[WhiteElo "2246"]
[BlackElo "1853"]
[PlyCount "141"]
[EventDate "2011.08.18"]

1. e4 c6 2. d4 d5 3. exd5 cxd5 4. c4 Nf6 5. Nc3 Nc6 6. Bg5 Ne4 7. cxd5 Nxc3 8.
bxc3 Qxd5 9. Nf3 g6 10. Be2 Bg4 11. Be3 Bg7 12. O-O O-O 13. Rb1 b6 14. Qa4 e5
15. Rb5 Qd6 16. dxe5 Nxe5 17. Rd1 Qc7 18. Rbd5 Nxf3+ 19. gxf3 Be6 20. R5d3 Qc4
21. Qxc4 Bxc4 22. R3d2 Bxe2 23. Rxe2 Bxc3 24. Rc2 Bg7 25. Rd7 Rfd8 26. Rcc7
Rxd7 27. Rxd7 Bf8 28. Kg2 Bb4 29. Kg3 Kf8 30. Kg4 Ke8 31. Rb7 h5+ 32. Kg5 Be7+
33. Kh6 Kf8 34. Kh7 Bf6 35. a4 h4 36. h3 Be7 37. Bh6+ Ke8 38. Kg8 f6 39. Be3 g5
40. Kg7 Bd8 41. Kg6 Rc8 42. Rxa7 Rc4 43. Kf5 Rc6 44. f4 gxf4 45. Bxf4 Rc5+ 46.
Ke6 Rc6+ 47. Bd6 Rc2 48. f4 Rc3 49. Rh7 Re3+ 50. Be5 Kf8 51. Rh8+ Kg7 52. Rxd8
fxe5 53. f5 Rf3 54. Rd7+ Kh6 55. Kxe5 Rxh3 56. Rd6+ Kg5 57. Rg6+ Kh5 58. Rxb6
Rf3 59. Rb8 h3 60. Rg8 h2 61. Rh8+ Kg5 62. Rxh2 Rxf5+ 63. Kd6 Ra5 64. Ra2 Kf5
65. Kc6 Ke6 66. Re2+ Kf5 67. Ra2 Ke6 68. Kb6 Ra8 69. a5 Kd5 70. a6 Rb8+ 71. Kc7
1-0

[Event "Isthmia 2011"]
[Site "Vrachati"]
[Date "2011.08.22"]
[Round "5.18"]
[White "Valden, Petros"]
[Black "Zeppos, Panagiotis"]
[Result "1-0"]
[WhiteElo "2201"]
[BlackElo "1949"]
[PlyCount "59"]
[EventDate "2011.08.18"]

1. c4 c6 2. d4 d5 3. Nc3 Nf6 4. e3 e6 5. Nf3 Nbd7 6. Qc2 Bd6 7. Bd3 O-O 8. O-O
Qe7 9. Rd1 dxc4 10. Bxc4 e5 11. h3 b5 12. Bd3 Bb7 13. Ng5 h6 14. Nge4 Nxe4 15.
Nxe4 Nf6 16. Nxd6 Qxd6 17. dxe5 Qxe5 18. Bd2 Rfd8 19. Bc3 Qg5 20. Bd4 c5 21. f4
Qg3 22. Bxc5 Rac8 23. b4 Rxd3 24. Rxd3 Be4 25. Rad1 Bxd3 26. Qxd3 a6 27. Bd4
Rc6 28. Be5 Nh5 29. Qe4 Qg6 30. f5 1-0

[Event "Isthmia 2011"]
[Site "Vrachati"]
[Date "2011.08.22"]
[Round "5.19"]
[White "Pavlidou, Ekaterini"]
[Black "Fragkos, Vasilios"]
[Result "1-0"]
[WhiteElo "2220"]
[BlackElo "2022"]
[PlyCount "95"]
[EventDate "2011.08.18"]

1. d4 d5 2. c4 dxc4 3. Nf3 Nf6 4. e3 e6 5. Bxc4 c5 6. O-O a6 7. a4 b6 8. Qe2
Bb7 9. Rd1 Qc7 10. Nc3 Nc6 11. d5 exd5 12. Nxd5 Nxd5 13. Bxd5 Bd6 14. Ng5 Nd8
15. Qd3 h6 16. Nxf7 Nxf7 17. Bxf7+ Kxf7 18. Qxd6 Qxd6 19. Rxd6 Rhd8 20. Rd2 b5
21. axb5 axb5 22. Rxa8 Rxd2 23. Bxd2 Bxa8 24. f3 Ke6 25. e4 h5 26. Kf2 g6 27.
Kg3 Bb7 28. Be3 c4 29. Bd2 Bc6 30. Kf4 Bb7 31. Bc3 Bc6 32. h4 Bb7 33. g4 hxg4
34. fxg4 Bc6 35. h5 gxh5 36. gxh5 Be8 37. h6 Bg6 38. Ke3 Bh7 39. Kd4 Kd6 40.
e5+ Ke6 41. Kc5 Bd3 42. Kxb5 Kd5 43. Kb6 Bg6 44. Kc7 Ke6 45. Kc6 Bd3 46. Kc5
Kf7 47. Kd6 Ke8 48. Ke6 1-0

[Event "Isthmia 2011"]
[Site "Vrachati"]
[Date "2011.08.22"]
[Round "5.20"]
[White "Tzolas, Georgios"]
[Black "Papadimitriou, Athanasios"]
[Result "0-1"]
[WhiteElo "2049"]
[BlackElo "2184"]
[PlyCount "116"]
[EventDate "2011.08.18"]

1. e4 d5 2. exd5 Nf6 3. Nf3 Nxd5 4. d4 g6 5. c4 Nb6 6. c5 Nd5 7. Nc3 Bg7 8. Bc4
Nxc3 9. bxc3 O-O 10. O-O Nc6 11. Bg5 Na5 12. Bd3 b6 13. cxb6 axb6 14. Re1 Be6
15. Qe2 Re8 16. Rad1 c6 17. Ne5 b5 18. Ng4 Qd5 19. Nh6+ Kf8 20. h4 Qxa2 21. Qf3
f6 22. Rd2 Qb3 23. Rde2 Bd5 24. Be4 Bxe4 25. Rxe4 Qd5 26. Qf4 Nc4 27. Re6 Bxh6
28. Bxh6+ Kg8 29. Rxe7 Rxe7 30. Rxe7 Qd6 31. Qxd6 Nxd6 32. Re6 Nf5 33. Bf4 Rc8
34. Rxf6 Nxh4 35. Bd6 Nf5 36. Bb4 Kg7 37. Re6 Kf7 38. Re4 Re8 39. Rxe8 Kxe8 40.
Kf1 Kf7 41. Ke2 Ke6 42. Kd3 Kd5 43. Ba3 h5 44. Bc1 Nh4 45. g3 Nf5 46. Bf4 Ng7
47. Bg5 Ne8 48. f3 Nd6 49. g4 Nf7 50. Bf4 h4 51. Bh2 Ng5 52. Ke3 Kc4 53. f4
Kxc3 54. f5 gxf5 55. gxf5 b4 56. Be5 Kc2 57. Bd6 h3 58. Kf2 Ne4+ 0-1

[Event "Isthmia 2011"]
[Site "Vrachati"]
[Date "2011.08.22"]
[Round "5.21"]
[White "Rigopoulos-Tsigkos, Alexandros"]
[Black "Pountzas, Hrisanthos"]
[Result "1/2-1/2"]
[WhiteElo "2041"]
[BlackElo "2177"]
[PlyCount "52"]
[EventDate "2011.08.18"]

1. e4 c5 2. Nf3 g6 3. c3 Bg7 4. d4 cxd4 5. cxd4 d5 6. exd5 Nf6 7. Nc3 Nxd5 8.
Bc4 Nb6 9. Bb3 Nc6 10. Be3 O-O 11. h3 Na5 12. O-O Bf5 13. Re1 h6 14. Rc1 Nbc4
15. Bxc4 Nxc4 16. Qe2 Nxe3 17. Qxe3 Re8 18. Ne5 Rc8 19. Rcd1 Qb6 20. Rd2 Rcd8
21. g4 Bc8 22. Qf3 Qf6 23. Qe4 Qh4 24. Qf3 Qf6 25. Qe4 Qh4 26. Qf3 Qf6 1/2-1/2

[Event "Isthmia 2011"]
[Site "Vrachati"]
[Date "2011.08.22"]
[Round "5.22"]
[White "Papakonstantinou, Dimitrios"]
[Black "Lommers, Frank"]
[Result "1/2-1/2"]
[WhiteElo "2018"]
[BlackElo "2176"]
[PlyCount "73"]
[EventDate "2011.08.18"]

1. e4 c5 2. Nf3 e6 3. d4 cxd4 4. Nxd4 a6 5. Nc3 Qc7 6. Bd3 Nf6 7. O-O d6 8. Qe2
Nbd7 9. Be3 Be7 10. f4 b5 11. a3 Bb7 12. Rae1 Nb6 13. Bf2 O-O 14. e5 Nfd5 15.
Nxd5 Nxd5 16. Qg4 Kh8 17. Nf3 Rae8 18. Qh5 f5 19. exf6 Nxf6 20. Qh3 Bxf3 21.
Qxf3 Bd8 22. Bd4 e5 23. Bc3 a5 24. Kh1 Qb8 25. b4 Qc8 26. Bd2 e4 27. Bxe4 Nxe4
28. Rxe4 Qxc2 29. Rd4 axb4 30. Bxb4 Bc7 31. Bxd6 Bxd6 32. Rxd6 Qc4 33. f5 Re3
34. Qf2 Re2 35. Qf3 Re3 36. Qf2 Re2 37. Qf3 1/2-1/2

[Event "Isthmia 2011"]
[Site "Vrachati"]
[Date "2011.08.22"]
[Round "5.23"]
[White "Gripeos, Kiriakos"]
[Black "Mihopoulos, Konstantinos"]
[Result "0-1"]
[WhiteElo "2127"]
[BlackElo "1968"]
[PlyCount "80"]
[EventDate "2011.08.18"]

1. e4 c5 2. Nf3 e6 3. d4 cxd4 4. Nxd4 Nf6 5. Nc3 Nc6 6. g3 d6 7. Bg2 Be7 8. O-O
O-O 9. Be3 Nxd4 10. Bxd4 e5 11. Be3 Be6 12. a4 b6 13. h3 Qc8 14. Kh2 Qb7 15. f4
Bd7 16. Qd2 Rfc8 17. Nd5 Nxd5 18. exd5 Qc7 19. Rf2 e4 20. Bxe4 Bf6 21. c3 Re8
22. Bf3 Qc4 23. a5 b5 24. a6 Bf5 25. Rff1 Qd3 26. g4 Rxe3 27. Qg2 Bd7 28. Rad1
Qc4 29. Qg3 h6 30. Kg2 g5 31. f5 Be5 32. Qf2 Qf4 33. Rh1 Re8 34. Rde1 Rxe1 35.
Qxe1 Bf6 36. Qf2 Re3 37. Re1 Rxe1 38. Qxe1 Be5 39. Qf2 Qh2+ 40. Kf1 Qxh3+ 0-1

[Event "Isthmia 2011"]
[Site "Vrachati"]
[Date "2011.08.22"]
[Round "5.24"]
[White "Tsokopoulos, Dedalos"]
[Black "Skiadopoulos, Nikolaos"]
[Result "1/2-1/2"]
[WhiteElo "1992"]
[BlackElo "2111"]
[PlyCount "45"]
[EventDate "2011.08.18"]

1. e4 c5 2. Nf3 Nc6 3. d4 cxd4 4. Nxd4 e5 5. Nb5 d6 6. N1c3 a6 7. Na3 b5 8. Nd5
Nce7 9. c4 Nxd5 10. Qxd5 Be6 11. Qd3 bxc4 12. Nxc4 Nf6 13. Bd2 Be7 14. Be2 O-O
15. O-O Qb8 16. Bc3 Rd8 17. Rfd1 Qb7 18. Na5 Qb6 19. Nc4 Qb5 20. a4 Qb7 21. Na5
Qb6 22. Nc4 Qb7 23. Ba5 1/2-1/2

[Event "Isthmia 2011"]
[Site "Vrachati"]
[Date "2011.08.22"]
[Round "5.25"]
[White "Michelakos, Panagiotis"]
[Black "Linos, Efstathios"]
[Result "1/2-1/2"]
[WhiteElo "2111"]
[BlackElo "1875"]
[PlyCount "54"]
[EventDate "2011.08.18"]

1. e4 e5 2. Nf3 Nc6 3. Bc4 Bc5 4. c3 Nf6 5. d4 exd4 6. cxd4 Bb4+ 7. Nc3 Nxe4 8.
O-O Bxc3 9. d5 Bf6 10. Re1 Ne7 11. Rxe4 d6 12. Bg5 Bxg5 13. Nxg5 h6 14. Qe2
hxg5 15. Re1 Be6 16. dxe6 f6 17. Re3 c6 18. Rh3 Rxh3 19. gxh3 g6 20. Qf3 Qa5
21. Re2 f5 22. a3 Qc5 23. Qc3 O-O-O 24. b4 Qb6 25. Qf6 Qc7 26. Qxg5 d5 27. Bd3
Qd6 1/2-1/2

[Event "Isthmia 2011"]
[Site "Vrachati"]
[Date "2011.08.22"]
[Round "5.26"]
[White "Spiropoulos, Panagiotis"]
[Black "Drakaki, Anna-Maria"]
[Result "1-0"]
[WhiteElo "2086"]
[BlackElo "1742"]
[PlyCount "107"]
[EventDate "2011.08.18"]

1. e4 c5 2. Nf3 Nc6 3. d4 cxd4 4. Nxd4 g6 5. c4 Bg7 6. Be3 Nf6 7. Nc3 O-O 8. h3
d6 9. Qd2 Nxd4 10. Bxd4 Be6 11. Be2 Rc8 12. b3 Qa5 13. Bf3 Nd7 14. Bxg7 Kxg7
15. Bg4 Nc5 16. Rb1 Qb4 17. Rc1 a5 18. Qd4+ Kg8 19. O-O Rc7 20. Nb5 Rd7 21. Bd1
a4 22. a3 Nxb3 23. axb4 Nxd4 24. Nxd4 a3 25. Bb3 Ra8 26. f4 Rc7 27. Nxe6 fxe6
28. Ba2 Ra4 29. b5 b6 30. f5 Rb4 31. fxg6 hxg6 32. Rb1 Ra4 33. Rf3 Kg7 34. Rbf1
d5 35. exd5 exd5 36. Rf7+ Kh6 37. Re1 dxc4 38. Rf4 Rb4 39. Rg4 Rb2 40. Re6 Rxa2
41. Rexg6+ Kh7 42. Rg7+ Kh8 43. Rg8+ Kh7 44. R8g5 Kh6 45. Rg8 Kh7 46. R4g7+ Kh6
47. g4 Rc5 48. g5+ Rxg5+ 49. Rxg5 Rb2 50. Rg4 Kh7 51. R4g7+ Kh6 52. Rg3 Kh7 53.
R8g4 Rb1+ 54. Kf2 1-0

[Event "Isthmia 2011"]
[Site "Vrachati"]
[Date "2011.08.22"]
[Round "5.27"]
[White "Hrisanthopoulos, Dimitrios"]
[Black "Amiridou, Dimitra"]
[Result "1-0"]
[WhiteElo "2076"]
[BlackElo "1664"]
[PlyCount "119"]
[EventDate "2011.08.18"]

1. e4 c5 2. Nf3 d6 3. Nc3 Nf6 4. e5 dxe5 5. Nxe5 Nbd7 6. f4 e6 7. Bc4 Nxe5 8.
fxe5 Nd7 9. Qe2 Nxe5 10. Qxe5 Qh4+ 11. Qg3 Qxc4 12. d3 Qa6 13. O-O Bd7 14. Bd2
f6 15. a4 Qd6 16. Qf2 Be7 17. Bf4 e5 18. Ne4 Qc7 19. Be3 b6 20. Qg3 Bf8 21. Qf3
Bc6 22. Nxf6+ Kd8 23. Nd5 Qd6 24. Bg5+ Kc8 25. c4 Bxd5 26. cxd5 Be7 27. Bxe7
Qxe7 28. d6 Qb7 29. Qf5+ Qd7 30. Qxe5 Rd8 31. Qd5 Rb8 32. Rf7 Qxd6 33. Qxd6
Rxd6 34. Rxg7 Rb7 35. Rxb7 Kxb7 36. Rd1 c4 37. Kf2 cxd3 38. Ke3 Rh6 39. h3 Rg6
40. Rd2 Rg3+ 41. Kf2 Rg5 42. Rxd3 Kc6 43. Kf3 b5 44. axb5+ Rxb5 45. b3 h5 46.
g4 hxg4+ 47. hxg4 Rc5 48. Kf4 Rc1 49. g5 Rg1 50. Rg3 Rf1+ 51. Ke5 Re1+ 52. Kf6
Rf1+ 53. Kg7 Kd6 54. Re3 Rg1 55. g6 Rg2 56. Kf7 Rf2+ 57. Kg8 Rg2 58. g7 Rg1 59.
Rh3 Ke7 60. Kh8 1-0

[Event "Isthmia 2011"]
[Site "Vrachati"]
[Date "2011.08.22"]
[Round "5.28"]
[White "Theodorou, Nikolas"]
[Black "Sverkounos, Spyridon"]
[Result "1-0"]
[WhiteElo "1859"]
[BlackElo "2051"]
[PlyCount "55"]
[EventDate "2011.08.18"]

1. c4 e6 2. Nc3 d5 3. cxd5 exd5 4. d4 c6 5. Bf4 Bd6 6. Bxd6 Qxd6 7. e3 Bf5 8.
Bd3 Bxd3 9. Qxd3 Nf6 10. Nge2 O-O 11. O-O Nbd7 12. Ng3 g6 13. Rad1 Rad8 14. f3
Rfe8 15. e4 dxe4 16. fxe4 c5 17. Qc4 Ng4 18. Qxf7+ Kh8 19. Qf3 Nxh2 20. Kxh2
cxd4 21. Nb5 Qc5 22. Nxd4 Ne5 23. Qf6+ Kg8 24. Ne6 Ng4+ 25. Kh3 Nxf6 26. Nxc5
Rxd1 27. Rxd1 b6 28. Nd7 1-0

[Event "Isthmia 2011"]
[Site "Vrachati"]
[Date "2011.08.22"]
[Round "5.29"]
[White "Papasimakopoulos, Alexandros"]
[Black "Georgiadis, Ioannis"]
[Result "0-1"]
[WhiteElo "1835"]
[BlackElo "2464"]
[PlyCount "89"]
[EventDate "2011.08.18"]

1. d4 Nf6 2. Nf3 e6 3. c4 d5 4. Nc3 c6 5. cxd5 exd5 6. Bg5 Be7 7. Qc2 Be6 8. e3
Nbd7 9. Bd3 h6 10. Bh4 Rc8 11. O-O O-O 12. Rfd1 Re8 13. Rab1 a5 14. a3 b5 15.
e4 dxe4 16. Nxe4 Bd5 17. Bg3 Nxe4 18. Bxe4 Bxe4 19. Qxe4 Nf6 20. Qd3 Qd5 21.
Be5 Nd7 22. Rbc1 Red8 23. Qe2 Re8 24. Qd3 a4 25. h3 Nb6 26. Nh2 Nc4 27. Ng4 Qe6
28. Rc2 h5 29. Ne3 Nxe5 30. dxe5 Qxe5 31. Qf5 Qxf5 32. Nxf5 Bf8 33. Nd6 Red8
34. Nxc8 Rxd1+ 35. Kh2 c5 36. Na7 b4 37. axb4 cxb4 38. Rc8 a3 39. bxa3 bxa3 40.
Rc2 Rb1 41. Nc6 Rb2 42. Rc4 Bd6+ 43. f4 a2 44. Ra4 Bxf4+ 45. Kg1 0-1

[Event "Isthmia 2011"]
[Site "Vrachati"]
[Date "2011.08.22"]
[Round "6.1"]
[White "Tiviakov, Sergei"]
[Black "Burmakin, Vladimir"]
[Result "1/2-1/2"]
[WhiteElo "2623"]
[BlackElo "2579"]
[PlyCount "40"]
[EventDate "2011.08.18"]

1. e4 c6 2. d4 d5 3. Nd2 h6 4. Ngf3 dxe4 5. Nxe4 Bf5 6. Bd3 e6 7. Bf4 Bxe4 8.
Bxe4 Bd6 9. Bd2 Nf6 10. Bd3 Nbd7 11. O-O O-O 12. c3 Qc7 13. g3 c5 14. Qe2 Rfe8
15. Rad1 cxd4 16. Nxd4 a6 17. a4 Bc5 18. Nb3 Ba7 19. Bc2 e5 20. Be3 Bxe3
1/2-1/2

[Event "Isthmia 2011"]
[Site "Vrachati"]
[Date "2011.08.22"]
[Round "6.2"]
[White "Baklan, Vladimir"]
[Black "Kotronias, Vasilios"]
[Result "1/2-1/2"]
[WhiteElo "2620"]
[BlackElo "2588"]
[PlyCount "62"]
[EventDate "2011.08.18"]

1. e4 c5 2. Nf3 Nc6 3. Bb5 d6 4. O-O Bd7 5. c3 Nf6 6. Re1 a6 7. Ba4 b5 8. Bc2
e5 9. h3 g6 10. d4 cxd4 11. cxd4 Bg7 12. dxe5 Nxe5 13. Bb3 O-O 14. Nxe5 dxe5
15. Nc3 Be6 16. Bxe6 fxe6 17. Qxd8 Rfxd8 18. Be3 Bf8 19. Rac1 Rac8 20. f3 Bb4
21. Red1 Nh5 22. Rxd8+ Rxd8 23. a3 Rd3 24. axb4 Rxe3 25. Ra1 Rd3 26. Rxa6 Nf4
27. Kf1 Rd2 28. g3 Nxh3 29. Rxe6 Ng5 30. Rxe5 Nxf3 31. Rxb5 Nh2+ 1/2-1/2

[Event "Isthmia 2011"]
[Site "Vrachati"]
[Date "2011.08.22"]
[Round "6.3"]
[White "Atalik, Suat"]
[Black "Svetushkin, Dmitry"]
[Result "0-1"]
[WhiteElo "2619"]
[BlackElo "2576"]
[PlyCount "64"]
[EventDate "2011.08.18"]

1. d4 Nf6 2. c4 e6 3. Nc3 Bb4 4. Qc2 O-O 5. a3 Bxc3+ 6. Qxc3 b6 7. Bg5 Bb7 8.
f3 d6 9. e4 c5 10. d5 Nbd7 11. Nh3 exd5 12. cxd5 Re8 13. O-O-O c4 14. Kb1 b5
15. Bd2 Nc5 16. Qa5 Qd7 17. Bg5 Nxd5 18. exd5 Qf5+ 19. Ka2 c3 20. Qxc3 Bxd5+
21. Rxd5 Qxd5+ 22. Kb1 Na4 23. Qd2 Qb3 24. Bd3 h6 25. Bh4 Rac8 26. Be1 Nxb2 27.
Bc2 Qxa3 28. Qd4 Rxc2 29. Kxc2 Re2+ 30. Bd2 Nc4 31. Ra1 Rxd2+ 32. Qxd2 Qb2+ 0-1

[Event "Isthmia 2011"]
[Site "Vrachati"]
[Date "2011.08.22"]
[Round "6.4"]
[White "Sethuraman, S P"]
[Black "Volkov, Sergey"]
[Result "0-1"]
[WhiteElo "2529"]
[BlackElo "2607"]
[PlyCount "80"]
[EventDate "2011.08.18"]

1. e4 e6 2. d4 d5 3. Nc3 Nf6 4. e5 Nfd7 5. f4 c5 6. Nf3 Nc6 7. Be3 Qb6 8. Qd2
Qxb2 9. Rb1 Qa3 10. Bb5 c4 11. f5 Nb6 12. f6 g6 13. O-O Bd7 14. Bxc6 bxc6 15.
Ne2 h6 16. c3 O-O-O 17. h4 Kb7 18. Nh2 Ka8 19. Ng4 g5 20. hxg5 hxg5 21. Kf2 c5
22. Kf3 Na4 23. Rfc1 Rc8 24. Bxg5 cxd4 25. Nxd4 Bc5 26. Nh6 Rhf8 27. Be3 Bb6
28. Nb5 Bxb5 29. Rxb5 Nc5 30. Rxb6 axb6 31. Bd4 Ne4 32. Qc2 Rc7 33. g4 Rh8 34.
Be3 b5 35. Qb1 Rxh6 36. Bxh6 Nxc3 37. Qa1 d4 38. Bd2 Nb1+ 39. Kg2 Nxd2 40. Qxd4
Qf3+ 0-1

[Event "Isthmia 2011"]
[Site "Vrachati"]
[Date "2011.08.22"]
[Round "6.5"]
[White "Rozentalis, Eduardas"]
[Black "Solak, Dragan"]
[Result "1/2-1/2"]
[WhiteElo "2571"]
[BlackElo "2598"]
[PlyCount "29"]
[EventDate "2011.08.18"]

1. e4 c6 2. Nc3 d5 3. Nf3 Bg4 4. h3 Bxf3 5. Qxf3 Nf6 6. g3 dxe4 7. Nxe4 Nxe4 8.
Qxe4 Nd7 9. Bg2 Nf6 10. Qe2 g6 11. c3 Bh6 12. O-O O-O 13. d4 Bxc1 14. Raxc1 Qd6
15. Rfe1 1/2-1/2

[Event "Isthmia 2011"]
[Site "Vrachati"]
[Date "2011.08.22"]
[Round "6.6"]
[White "Banikas, Hristos"]
[Black "Kasparov, Sergey"]
[Result "1-0"]
[WhiteElo "2593"]
[BlackElo "2503"]
[PlyCount "83"]
[EventDate "2011.08.18"]

1. c4 c6 2. Nf3 Nf6 3. Nc3 d5 4. e3 a6 5. Qc2 g6 6. d4 Bg7 7. Bd3 O-O 8. O-O
Bg4 9. Ne5 Be6 10. b3 c5 11. Ne2 dxc4 12. bxc4 cxd4 13. exd4 Nc6 14. Nxc6 bxc6
15. Rb1 Ne8 16. Rd1 Nd6 17. Bf4 Bf5 18. Bxf5 Nxf5 19. Qa4 Qc8 20. Rb6 c5 21. d5
Nd4 22. Nxd4 Bxd4 23. Qb3 Qf5 24. Be3 e5 25. Qd3 Qd7 26. Rdb1 Rfc8 27. h3 Ra7
28. Qa3 Qf5 29. Rb8 Ra8 30. Rxc8+ Qxc8 31. Rb6 Kg7 32. Qd3 Rb8 33. Qb1 Rxb6 34.
Qxb6 Qf5 35. Qb3 Qf6 36. Qb8 e4 37. Qe8 Bxe3 38. fxe3 Qh4 39. Qe5+ f6 40. Qc7+
Kh6 41. d6 Qg3 42. Qxc5 1-0

[Event "Isthmia 2011"]
[Site "Vrachati"]
[Date "2011.08.22"]
[Round "6.7"]
[White "Javakhishvili, Lela"]
[Black "Nikolaidis, Ioannis"]
[Result "1/2-1/2"]
[WhiteElo "2469"]
[BlackElo "2545"]
[PlyCount "32"]
[EventDate "2011.08.18"]

1. d4 Nf6 2. c4 c6 3. Nf3 d5 4. e3 g6 5. Nc3 Bg7 6. cxd5 cxd5 7. Bb5+ Nbd7 8.
Qb3 e6 9. O-O O-O 10. Bd2 Ne4 11. Be1 Nd6 12. Bd3 Nb6 13. a4 Bd7 14. Nb5 Bxb5
15. axb5 Qc7 16. Qd1 Rfc8 1/2-1/2

[Event "Isthmia 2011"]
[Site "Vrachati"]
[Date "2011.08.22"]
[Round "6.8"]
[White "Mastrovasilis, Athanasios"]
[Black "Galopoulos, Nikolaos"]
[Result "1-0"]
[WhiteElo "2537"]
[BlackElo "2327"]
[PlyCount "41"]
[EventDate "2011.08.18"]

1. d4 Nf6 2. c4 e6 3. Nc3 Bb4 4. Nf3 c5 5. g3 cxd4 6. Nxd4 O-O 7. Bg2 d5 8. Qb3
Bxc3+ 9. bxc3 e5 10. Nb5 dxc4 11. Qa3 Qd7 12. Rb1 Rd8 13. O-O Nc6 14. Be3 Rb8
15. Qc5 Qf5 16. Nd6 Qe6 17. Rfd1 Bd7 18. Nxb7 Rdc8 19. Nd6 Rxb1 20. Rxb1 Rc7
21. Rb8+ 1-0

[Event "Isthmia 2011"]
[Site "Vrachati"]
[Date "2011.08.22"]
[Round "6.9"]
[White "Gogolis, Alexandros"]
[Black "Shanava, Konstantine"]
[Result "0-1"]
[WhiteElo "2261"]
[BlackElo "2535"]
[PlyCount "46"]
[EventDate "2011.08.18"]

1. c4 g6 2. Nc3 Bg7 3. g3 d6 4. Bg2 Nf6 5. Nf3 O-O 6. O-O Nc6 7. d3 a6 8. Rb1
Bd7 9. b4 Qc8 10. Nd5 e6 11. Nxf6+ Bxf6 12. Bb2 e5 13. Bc3 Bg7 14. a4 e4 15.
Bxg7 exf3 16. Bxf8 fxg2 17. Re1 Kxf8 18. b5 Nd4 19. Kxg2 Bh3+ 20. Kg1 axb5 21.
axb5 Qf5 22. Ra1 Re8 23. Ra2 Nf3+ 0-1

[Event "Isthmia 2011"]
[Site "Vrachati"]
[Date "2011.08.22"]
[Round "6.10"]
[White "Kapnisis, Spyridon"]
[Black "Azis, Azizis Ektoras"]
[Result "1-0"]
[WhiteElo "2529"]
[BlackElo "2246"]
[PlyCount "77"]
[EventDate "2011.08.18"]

1. e4 g6 2. d4 Bg7 3. Nc3 c6 4. Be3 d6 5. Qd2 b5 6. Bd3 a6 7. Nf3 Nd7 8. Ne2
Nb6 9. Ng3 Qc7 10. h3 Bd7 11. O-O h6 12. Rfe1 Be6 13. b3 Nf6 14. Rac1 d5 15.
Bf4 Qc8 16. Ne5 g5 17. Be3 Ra7 18. c4 bxc4 19. bxc4 Rc7 20. f4 dxe4 21. Bb1
Nfd7 22. Nh5 Bxe5 23. dxe5 Rg8 24. Qe2 c5 25. Bxe4 gxf4 26. Bxf4 Bxh3 27. Bf3
Be6 28. Bxh6 Nf8 29. Ng7+ Kd8 30. Red1+ Rd7 31. Rd2 Qc7 32. Rb2 Rd4 33. Nxe6+
Nxe6 34. Rcb1 Nd7 35. Rb7 Qc8 36. Ra7 Rh8 37. Be3 Rdh4 38. Kf2 Nc7 39. Rbb7 1-0

[Event "Isthmia 2011"]
[Site "Vrachati"]
[Date "2011.08.22"]
[Round "6.11"]
[White "Jojua, Davit"]
[Black "Tsekouras, Theodoros"]
[Result "1-0"]
[WhiteElo "2505"]
[BlackElo "2223"]
[PlyCount "69"]
[EventDate "2011.08.18"]

1. d4 Nf6 2. c4 g6 3. Nc3 Bg7 4. e4 d6 5. Nf3 O-O 6. h3 e5 7. d5 a5 8. Bg5 Na6
9. Nd2 Qe8 10. Be2 Nd7 11. a3 Nb6 12. b3 Bd7 13. Rb1 Nc5 14. Qc2 f5 15. f3 Rf7
16. O-O Qf8 17. b4 axb4 18. axb4 Nca4 19. Nxa4 Nxa4 20. Ra1 Bh6 21. Bxh6 Qxh6
22. Ra3 Raf8 23. Rfa1 Nb6 24. Qd3 Nc8 25. Ra8 Qg5 26. Rb8 fxe4 27. Nxe4 Qh4 28.
Rxb7 Bf5 29. Qe3 Bxe4 30. fxe4 Rf4 31. Bg4 Qg5 32. Be6+ Kh8 33. Kh2 Qe7 34. c5
g5 35. Rb8 1-0

[Event "Isthmia 2011"]
[Site "Vrachati"]
[Date "2011.08.22"]
[Round "6.12"]
[White "Valden, Petros"]
[Black "Skembris, Spyridon"]
[Result "1/2-1/2"]
[WhiteElo "2201"]
[BlackElo "2475"]
[PlyCount "124"]
[EventDate "2011.08.18"]

1. Nf3 Nf6 2. c4 c5 3. Nc3 Nc6 4. g3 d5 5. cxd5 Nxd5 6. Bg2 Nc7 7. O-O e5 8. d3
Be7 9. Nd2 O-O 10. Nc4 f6 11. f4 exf4 12. Bxf4 Ne6 13. Qa4 Nxf4 14. Rxf4 Nd4
15. Qa5 f5 16. Qxd8 Rxd8 17. Rf2 Rb8 18. Nd5 Bg5 19. h4 Be6 20. Nce3 Bxe3 21.
Nxe3 g6 22. b3 b6 23. Nc4 Rbc8 24. Rc1 Kg7 25. Ne5 Bd5 26. Bxd5 Rxd5 27. Nf3
Nc6 28. Rff1 Re8 29. Kf2 h6 30. a3 a5 31. Rc3 Rd6 32. e3 Na7 33. b4 axb4 34.
axb4 Nb5 35. bxc5 Rd5 36. Rb3 Rxc5 37. Rb2 Nc7 38. Nd4 Nd5 39. Re1 h5 40. e4
fxe4 41. Rxe4 Kf7 42. Rxe8 Kxe8 43. Ne6 Rc6 44. Nf4 Rf6 45. Kf3 Kd7 46. Ke4
Nxf4 47. gxf4 Kc6 48. d4 Re6+ 49. Kd3 Rd6 50. Ke4 b5 51. Rc2+ Kd7 52. Rc5 Rb6
53. Kd3 b4 54. Kc2 b3+ 55. Kb2 Ke6 56. Re5+ Kf6 57. Rg5 Rb4 58. Rd5 Ke6 59.
Re5+ Kf6 60. Rd5 Rb8 61. Rg5 Rb7 62. Re5 Rb4 1/2-1/2

[Event "Isthmia 2011"]
[Site "Vrachati"]
[Date "2011.08.22"]
[Round "6.13"]
[White "Peralta, Fernando"]
[Black "Spiropoulos, Panagiotis"]
[Result "1-0"]
[WhiteElo "2601"]
[BlackElo "2086"]
[PlyCount "73"]
[EventDate "2011.08.18"]

1. d4 Nf6 2. c4 g6 3. Nc3 d5 4. cxd5 Nxd5 5. e4 Nxc3 6. bxc3 Bg7 7. Bc4 c5 8.
Ne2 Nc6 9. Be3 O-O 10. O-O Qc7 11. Rc1 e6 12. Qd2 b6 13. Bh6 Bb7 14. h4 Qe7 15.
Bg5 Bf6 16. Qe3 Na5 17. Bd3 Rac8 18. Bxf6 Qxf6 19. h5 Rfd8 20. Rfd1 cxd4 21.
cxd4 Nc6 22. e5 Qg7 23. Be4 Na5 24. Bxb7 Nxb7 25. Ng3 f5 26. exf6 Qxf6 27. Ne4
Qf5 28. hxg6 hxg6 29. Rxc8 Rxc8 30. d5 e5 31. d6 Rc4 32. f3 Kg7 33. d7 Qf8 34.
Nd6 Nxd6 35. Qxe5+ Kh7 36. Qh2+ Kg7 37. Qxd6 1-0